| 000 | 01145nam0a22002651 4500 | ||
|---|---|---|---|
| 001 | rc\3295467 | ||
| 005 | 20130115145543.3 | ||
| 021 |
_aRU _b[69-52868] |
||
| 035 | _a(NLR Aleph) 007498239 | ||
| 090 |
_a7657537 _c7657537 |
||
| 100 | _a20130115d1969 |||y0rusy50 ca | ||
| 101 | 0 | _arus | |
| 102 | _aRU | ||
| 105 | _ay z ||||| | ||
| 200 | 1 |
_aПути создания АСПР в Украинской ССР _fГосплан СССР. АН СССР. II совещание по науч.-метод. вопросам создания АСПР |
|
| 210 |
_a[Киев _aЕреван] _cВычислит. цент Госплана УССР _d1969 |
||
| 215 |
_a12 с. _d20 |
||
| 532 | 1 | 2 | _aПути создания автоматизированных систем плановых расчетов в Украинской ССР |
| 606 |
_aАвтоматизированные системы планирования и управления _2psbo |
||
| 700 | 1 |
_aШтернов _bА. А. _gАлександр Алексеевич |
|
| 801 | 0 |
_aRU _bNLR _gpsbo |
|
| 801 | 1 |
_aRU _bELAR _2rusmarc |
|
| 852 |
_aNLR _j69-4/15454 |
||
| 942 | _cBOOK | ||
| 980 | _aNB | ||